[Event "SV Königsspringer Hamm 1 - SG Bochum 3"]
[Site "Verbandsliga - Gruppe 1 2018/"]
[Date "2018.11.04"]
[Round "3.2"]
[White "Happel, Heiner"]
[Black "Koellner, Aaron Noah"]
[Result "1-0"]
[WhiteElo "2168"]
[BlackElo "1974"]
[PlyCount "75"]
[EventDate "2018.??.??"]

1. d4 d5 2. Nf3 Nf6 3. c4 c6 4. Nc3 dxc4 5. a4 Bf5 6. Ne5 Nbd7 7. Nxc4 Nb6 8.
e3 e6 9. a5 Nxc4 10. Bxc4 Bb4 11. Qa4 Qe7 12. O-O O-O 13. Bd2 Bd6 14. h3 Ne4
15. Nxe4 Bxe4 16. Rfd1 Qg5 17. Bf1 f5 18. Bb4 Bc7 19. f4 Qg3 20. Ra3 Rf6 21.
Be1 Qg6 22. Qb4 Rb8 23. Qc5 Qh6 24. Qe7 Rc8 25. Qd7 Rff8 26. Bb4 Rfe8 27. Be7
Bd5 28. Rd2 Qh5 29. Bc5 g5 30. Rf2 Qh4 31. Be7 Qh6 32. Bxg5 Qg6 33. Bh4 Kh8 34.
Kh2 h6 35. e4 fxe4 36. Rg3 Qxg3+ 37. Kxg3 e3 38. Bf6+ 1-0

[Event "SV Königsspringer Hamm 1 - SG Bochum 3"]
[Site "Verbandsliga - Gruppe 1 2018/"]
[Date "2018.11.04"]
[Round "3.3"]
[White "Fistoul, Boris"]
[Black "Dargel, Manuel"]
[Result "1/2-1/2"]
[WhiteElo "1955"]
[BlackElo "2119"]
[PlyCount "73"]
[EventDate "2018.??.??"]

1. d4 d5 2. c4 e6 3. Nc3 c6 4. e3 Nf6 5. Qc2 Be7 6. cxd5 exd5 7. Bd3 O-O 8.
Nge2 Re8 9. O-O Nbd7 10. f3 c5 11. Kh1 c4 12. Bf5 Nf8 13. Bxc8 Rxc8 14. Bd2 a6
15. a4 Qd7 16. a5 Rc6 17. e4 dxe4 18. fxe4 Bd8 19. e5 Nd5 20. Ne4 Qg4 21. Nf4
Nxf4 22. Rxf4 Qg6 23. d5 Rc5 24. Qa4 Rb5 25. Bc3 Bc7 26. Raf1 Nd7 27. d6 Bxa5
28. Qxc4 Qe6 29. Qxe6 fxe6 30. Bxa5 Rxa5 31. Rf7 Rd8 32. b4 Rxe5 33. Nc5 Nxc5
34. bxc5 Rxc5 35. Rxb7 Rd5 36. h3 Rf8 37. Rc1 1/2-1/2

[Event "SV Königsspringer Hamm 1 - SG Bochum 3"]
[Site "Verbandsliga - Gruppe 1 2018/"]
[Date "2018.11.04"]
[Round "3.4"]
[White "Prueß, Wilfried"]
[Black "Finke, Dominik"]
[Result "1-0"]
[WhiteElo "2052"]
[BlackElo "1999"]
[PlyCount "95"]
[EventDate "2018.??.??"]

1. e4 e5 2. Nc3 Nc6 3. Nf3 Nf6 4. d4 exd4 5. Nxd4 Bb4 6. Nxc6 bxc6 7. Bd3 O-O
8. O-O d5 9. exd5 cxd5 10. Bg5 c6 11. Qf3 Be7 12. Rfe1 h6 13. Bh4 Re8 14. h3
Be6 15. Re2 Rb8 16. Rae1 Nd7 17. Bxe7 Qxe7 18. Na4 Nc5 19. Nxc5 Qxc5 20. b3 Re7
21. Re5 Rbe8 22. c4 Qd6 23. Qg3 f6 24. R5e2 Qxg3 25. fxg3 Kf8 26. c5 Bc8 27.
Kf2 Rxe2+ 28. Rxe2 Re5 29. b4 Ke7 30. g4 Be6 31. a4 Kd7 32. Bf5 Bxf5 33. Rxe5
fxe5 34. gxf5 a6 35. g4 Ke7 36. Ke3 Kf6 37. Kd3 Ke7 38. h4 Kf6 39. b5 cxb5 40.
axb5 axb5 41. c6 e4+ 42. Kd4 Ke7 43. g5 hxg5 44. hxg5 b4 45. f6+ gxf6 46. gxf6+
Kxf6 47. c7 b3 48. c8=Q 1-0

[Event "SV Königsspringer Hamm 1 - SG Bochum 3"]
[Site "Verbandsliga - Gruppe 1 2018/"]
[Date "2018.11.04"]
[Round "3.5"]
[White "Blome, Simon"]
[Black "Schmidt, Ingo"]
[Result "1-0"]
[WhiteElo "1879"]
[BlackElo "1953"]
[PlyCount "95"]
[EventDate "2018.??.??"]

1. e4 e5 2. Nf3 Nc6 3. Bc4 Nf6 4. d3 Be7 5. O-O d6 6. h3 O-O 7. c3 Na5 8. Bb5
c5 9. Re1 a6 10. Ba4 Qc7 11. Nbd2 b5 12. Bc2 Nc6 13. Nf1 Be6 14. Ng5 d5 15.
exd5 Bxd5 16. Ne3 h6 17. Nxd5 Nxd5 18. Nf3 Rad8 19. Qe2 Bd6 20. Nh4 Nce7 21.
Qh5 Nf6 22. Qf3 Qc6 23. Qxc6 Nxc6 24. Nf5 Bb8 25. Be3 Ba7 26. f3 Nd5 27. Bf2
Nf4 28. Rad1 Rfe8 29. Ng3 Rd5 30. d4 cxd4 31. Be4 Rd6 32. Nf5 Rf6 33. Bxc6 Rxc6
34. Bxd4 Bxd4+ 35. Rxd4 Rce6 36. Rd7 h5 37. h4 Rg6 38. g3 Rf6 39. Nd6 Ree6 40.
Ne4 Rg6 41. Kh2 f5 42. Ng5 Rxg5 43. hxg5 Ng6 44. Red1 h4 45. R1d6 hxg3+ 46.
Kxg3 Nf4 47. Rxe6 Nxe6 48. g6 1-0

[Event "SV Königsspringer Hamm 1 - SG Bochum 3"]
[Site "Verbandsliga - Gruppe 1 2018/"]
[Date "2018.11.04"]
[Round "3.6"]
[White "Klaus, Michael"]
[Black "Shevchuk, Arseniy"]
[Result "1-0"]
[WhiteElo "1854"]
[BlackElo "1821"]
[PlyCount "75"]
[EventDate "2018.??.??"]

1. d4 Nf6 2. c4 g6 3. Nc3 d5 4. Nf3 Bg7 5. Bf4 O-O 6. h3 c5 7. e3 Qa5 8. Bd3
Nc6 9. O-O Be6 10. cxd5 Nxd5 11. Nxd5 Bxd5 12. e4 Bxa2 13. Bc4 Bxc4 14. Rxa5
Nxa5 15. Re1 cxd4 16. Qa4 b6 17. Bd2 Rac8 18. Bxa5 bxa5 19. Qxa5 d3 20. Qb4 a5
21. Qxa5 Bxb2 22. Qb4 Bg7 23. Rd1 Rfd8 24. Nd2 Be6 25. Qxe7 Bh6 26. Qf6 Rd7 27.
f4 Rc2 28. Nf3 d2 29. Kf2 Bg7 30. Qg5 f5 31. exf5 Bxf5 32. Ne5 h6 33. Qg3 Bxe5
34. fxe5 Rc1 35. Qb3+ Kh7 36. e6 Bc2 37. exd7 Bxb3 38. Rxd2 1-0

[Event "SV Königsspringer Hamm 1 - SG Bochum 3"]
[Site "Verbandsliga - Gruppe 1 2018/"]
[Date "2018.11.04"]
[Round "3.7"]
[White "Gluma, Christian"]
[Black "Sporkert, Corina"]
[Result "1/2-1/2"]
[WhiteElo "1871"]
[BlackElo "1831"]
[PlyCount "84"]
[EventDate "2018.??.??"]

1. e4 e5 2. Nf3 Nc6 3. Bc4 Bc5 4. c3 d6 5. O-O Nf6 6. d4 exd4 7. cxd4 Bb6 8. h3
h6 9. Nc3 O-O 10. Re1 Ne7 11. Bb3 Ng6 12. Qd3 Kh7 13. e5 dxe5 14. Bxf7 e4 15.
Bxg6+ Kxg6 16. Nxe4 Kf7 17. g4 Kg8 18. Kg2 Nd5 19. Ne5 c6 20. Ng3 Qf6 21. f3
Qd6 22. Nc4 Qf6 23. Nxb6 axb6 24. Nh5 Qf7 25. Bd2 Bd7 26. Re4 Qg6 27. Qb3 Kh7
28. Nf4 Nxf4+ 29. Bxf4 Bf5 30. Re7 Bxg4 31. hxg4 Rxf4 32. Rae1 Raf8 33. R1e3
Rxd4 34. Qc3 Qd6 35. Re2 Rf6 36. Qc2+ Kg8 37. Re8+ Rf8 38. Qb3+ Qd5 39. Rxf8+
Kxf8 40. Qe3 Qd7 41. Qe5 c5 42. b3 Kf7 1/2-1/2

[Event "SV Königsspringer Hamm 1 - SG Bochum 3"]
[Site "Verbandsliga - Gruppe 1 2018/"]
[Date "2018.11.04"]
[Round "3.8"]
[White "Kauder, Hartmut"]
[Black "Butschek, Gerhard"]
[Result "1-0"]
[WhiteElo "2089"]
[BlackElo "1680"]
[PlyCount "131"]
[EventDate "2018.??.??"]

1. c4 b6 2. Nc3 Bb7 3. e4 e5 4. Nge2 Nf6 5. d3 Nc6 6. g3 h5 7. h3 g6 8. Bg2 Bh6
9. Bxh6 Rxh6 10. Qd2 Ng8 11. O-O g5 12. Nd5 Rg6 13. Kh2 Nf6 14. Ne3 Ne7 15. f3
d6 16. d4 Qd7 17. Rad1 g4 18. dxe5 gxf3 19. Bxf3 Nxe4 20. Qc2 Nf5 21. Ng2 Nfxg3
22. Ngf4 Rg5 23. Nxg3 Nxg3 24. Bxb7 Nxf1+ 25. Rxf1 Rb8 26. Bf3 dxe5 27. Nxh5
Qd6 28. Bg4 Rd8 29. Nf6+ Ke7 30. Nd5+ Kf8 31. Rf6 Qc5 32. Qh7 Rg7 33. Qh8+ Rg8
34. Qh6+ Rg7 35. Rxf7+ Kxf7 36. Be6+ Ke8 37. Qxg7 Qf2+ 38. Qg2 Qxg2+ 39. Kxg2
c6 40. Nb4 Rd2+ 41. Kf3 Rxb2 42. Nxc6 Rxa2 43. Nxe5 Ke7 44. Bg4 Kd6 45. Ke4 a5
46. h4 Rh2 47. h5 a4 48. Nd3 a3 49. Nc1 Rc2 50. Nb3 Rxc4+ 51. Kf5 Rb4 52. h6
Rxb3 53. h7 Rb5+ 54. Kf4 Rb4+ 55. Kg3 a2 56. h8=Q Ra4 57. Qa1 b5 58. Be2 Ra3+
59. Kf4 Ra4+ 60. Kf5 Kc5 61. Qe5+ Kb4 62. Qxb5+ Ka3 63. Qd3+ Kb2 64. Qd2+ Kb3
65. Bd1+ Kc4 66. Qc2+ 1-0

[Event "SK Sodingen/Castrop 2 - SV Bottrop 1"]
[Site "Verbandsliga - Gruppe 1 2018/"]
[Date "2018.11.04"]
[Round "3.1"]
[White "Stadtmann, Jens"]
[Black "Ribbeheger, Edgar"]
[Result "1-0"]
[WhiteElo "2132"]
[BlackElo "2005"]
[PlyCount "78"]
[EventDate "2018.??.??"]

1. c4 Nf6 2. Nc3 g6 3. g3 Bg7 4. Bg2 O-O 5. d4 c5 6. e3 Nc6 7. Nge2 cxd4 8.
exd4 d5 9. cxd5 Nb4 10. O-O Nbxd5 11. Qb3 Nb6 12. Rd1 Ne8 13. Bf4 Nd6 14. Rac1
Be6 15. d5 Bg4 16. f3 Bd7 17. Be3 Nbc4 18. Bd4 Bh6 19. f4 b5 20. Bf2 g5 21. Re1
Rc8 22. fxg5 Bxg5 23. Nf4 Re8 24. Nce2 Bf5 25. Nd4 Qa5 26. Nxf5 Nxf5 27. Qd3
Ncd6 28. Rxc8 Rxc8 29. Bh3 Ng7 30. Bxc8 Nxc8 31. Qc3 Qxc3 32. bxc3 Bxf4 33.
gxf4 Nf5 34. Kg2 Kg7 35. Kf3 Kf6 36. Rg1 a6 37. Rg8 Ncd6 38. Ra8 e6 39. dxe6
fxe6 1-0

[Event "SK Sodingen/Castrop 2 - SV Bottrop 1"]
[Site "Verbandsliga - Gruppe 1 2018/"]
[Date "2018.11.04"]
[Round "3.2"]
[White "Haberhausen, Ansgar"]
[Black "Mohrholz, Uwe"]
[Result "1/2-1/2"]
[WhiteElo "2002"]
[BlackElo "1977"]
[PlyCount "75"]
[EventDate "2018.??.??"]

1. b3 d5 2. Bb2 Nc6 3. e3 Nf6 4. Bb5 a6 5. Bxc6+ bxc6 6. f4 Bg4 7. Nf3 e6 8.
O-O Bd6 9. d3 Qe7 10. Nbd2 Ba3 11. Qc1 Bxb2 12. Qxb2 Bxf3 13. Rxf3 O-O 14. Raf1
Nd7 15. d4 f5 16. c4 Rfb8 17. Rc1 Rb6 18. Rf2 a5 19. Nf3 a4 20. cxd5 exd5 21.
Ne5 Nxe5 22. fxe5 axb3 23. axb3 g6 24. Rfc2 Qb4 25. h3 Ra3 26. Rc3 Rxb3 27.
Rxb3 Qxb3 28. Qxb3 Rxb3 29. Rxc6 Rxe3 30. Rxc7 Re4 31. e6 Rxe6 32. Rd7 Re2 33.
Rxd5 Kf7 34. Rd7+ Re7 35. Rd8 Re2 36. d5 Rd2 37. Rd7+ Kf6 38. Rxh7 1/2-1/2

[Event "SK Sodingen/Castrop 2 - SV Bottrop 1"]
[Site "Verbandsliga - Gruppe 1 2018/"]
[Date "2018.11.04"]
[Round "3.3"]
[White "Nowak, Steven"]
[Black "Foerster, Wolfgang"]
[Result "1/2-1/2"]
[WhiteElo "1909"]
[BlackElo "1953"]
[PlyCount "68"]
[EventDate "2018.??.??"]

1. Nf3 g6 2. g3 Bg7 3. Bg2 Nf6 4. O-O O-O 5. c4 c6 6. d3 d6 7. Nc3 e5 8. h3 h6
9. Rb1 Nh5 10. e4 a5 11. d4 Nd7 12. Be3 Qe8 13. Qd2 Kh7 14. dxe5 dxe5 15. Rfd1
f5 16. exf5 gxf5 17. Qc2 e4 18. Nh4 Ne5 19. Nxe4 fxe4 20. Bxe4+ Kg8 21. f4 Nxg3
22. Bh7+ Kh8 23. fxe5 Qh5 24. Ng6+ Kxh7 25. Nxf8+ Kg8 26. Qh7+ Kxf8 27. Rd8+
Ke7 28. Qxg7+ Kxd8 29. Bb6+ Ke8 30. Qxg3 Qg5 31. Kh2 Be6 32. Qxg5 hxg5 33. c5
Ke7 34. Rg1 Rh8 1/2-1/2

[Event "SK Sodingen/Castrop 2 - SV Bottrop 1"]
[Site "Verbandsliga - Gruppe 1 2018/"]
[Date "2018.11.04"]
[Round "3.4"]
[White "Schriewer, Thomas"]
[Black "Gierse, Heinz-Dieter"]
[Result "1-0"]
[WhiteElo "1907"]
[BlackElo "1955"]
[PlyCount "131"]
[EventDate "2018.??.??"]

1. Nf3 g6 2. d4 Bg7 3. Bf4 d6 4. h3 Nf6 5. e3 O-O 6. Be2 Nbd7 7. O-O c5 8. c3
a6 9. a4 b6 10. Nbd2 Bb7 11. Re1 Re8 12. Bh2 Ne4 13. Nxe4 Bxe4 14. Qb3 Nf6 15.
Rad1 h6 16. Nd2 Bc6 17. Bf3 Bxf3 18. Nxf3 Qc7 19. d5 b5 20. e4 Nd7 21. axb5
Reb8 22. Ra1 Ra7 23. Qc2 Rxb5 24. Bf4 Qb8 25. Bc1 a5 26. Nd2 Qc7 27. Nc4 Kh7
28. Qe2 Rb8 29. f4 Nb6 30. Ne3 Raa8 31. Nc2 a4 32. Na3 Qd7 33. Qd3 e6 34. dxe6
Qxe6 35. Rd1 Re8 36. Qxd6 Rad8 37. Qxd8 Rxd8 38. Rxd8 Qxe4 39. Rd1 Nd5 40. Rf1
Qd3 41. Rf3 Qd1+ 42. Rf1 Qd3 43. Rf3 Qd1+ 44. Rf1 Qb3 45. Nb1 f5 46. Nd2 Qc2
47. Nf3 Bf8 48. Rf2 Qd1+ 49. Rf1 Qc2 50. Rf2 Qe4 51. Bd2 Bd6 52. Re1 Qc4 53.
Ne5 Qb3 54. Bc1 Nf6 55. Rd2 Qb8 56. Kh1 Ne4 57. Rd5 c4 58. Kh2 Qc7 59. Red1 Kg7
60. g3 Kf6 61. R1d4 g5 62. Nxc4 gxf4 63. Nxd6 fxg3+ 64. Kg2 Qc6 65. Nxe4+ fxe4
66. Rd6+ 1-0

[Event "SK Sodingen/Castrop 2 - SV Bottrop 1"]
[Site "Verbandsliga - Gruppe 1 2018/"]
[Date "2018.11.04"]
[Round "3.5"]
[White "Jaeger, Heinz"]
[Black "Evertz, Dieter"]
[Result "0-1"]
[WhiteElo "1966"]
[BlackElo "1925"]
[PlyCount "126"]
[EventDate "2018.??.??"]

1. d4 f5 2. Nf3 Nf6 3. Bg5 g6 4. Nbd2 Bg7 5. e3 O-O 6. Bc4+ d5 7. Bb3 Kh8 8.
O-O a5 9. c3 h6 10. Bf4 g5 11. Be5 Nc6 12. Qe2 e6 13. Bc2 b6 14. Nb3 Kg8 15.
Bd3 Bb7 16. Rac1 Kh7 17. Rfd1 g4 18. Ne1 a4 19. Nd2 Nxe5 20. dxe5 Nd7 21. Qxg4
Nxe5 22. Qh5 Rf6 23. Ndf3 Rg6 24. Nxe5 Bxe5 25. e4 Qe8 26. Kh1 dxe4 27. Be2 Bf4
28. Rb1 Bd6 29. Nc2 Qg8 30. Qh3 Qf7 31. Bh5 Rag8 32. Bxg6+ Rxg6 33. Rd2 f4 34.
Nd4 Bd5 35. Re1 Rg5 36. f3 e3 37. Rc2 e5 38. Nb5 Be6 39. Nxd6 cxd6 40. Qh4 Bf5
41. Rec1 Bxc2 42. Rxc2 Qxa2 43. Qe1 Qc4 44. Qd1 d5 45. h3 b5 46. Kh2 Rg6 47.
Rc1 e4 48. fxe4 Qxe4 49. Qe2 Qc4 50. Qf3 Rg3 51. Qd1 e2 52. Qg1 Qe4 53. Qf2 Qe3
54. Qe1 Rg5 55. Qg1 Qe5 56. Qf2 f3+ 57. g3 Qe4 58. Re1 Rg7 59. Qc5 Qd3 60. Qf2
Rf7 61. h4 Qd2 62. Kh3 Qxe1 63. Qxe1 f2 0-1

[Event "SK Sodingen/Castrop 2 - SV Bottrop 1"]
[Site "Verbandsliga - Gruppe 1 2018/"]
[Date "2018.11.04"]
[Round "3.6"]
[White "Hessel, Malte"]
[Black "Huestegge, Ulrich"]
[Result "1-0"]
[WhiteElo "1888"]
[BlackElo "1813"]
[PlyCount "69"]
[EventDate "2018.??.??"]

1. d4 d6 2. e4 Nf6 3. Nc3 Nc6 4. Be3 e5 5. Bb5 Bd7 6. d5 Ne7 7. Bxd7+ Qxd7 8.
f3 Ng6 9. Qd2 Be7 10. Nge2 Nh5 11. O-O-O a5 12. g4 Nf6 13. Ng3 a4 14. Nf5 Bf8
15. h4 b5 16. Ne2 Ne7 17. h5 Nxf5 18. exf5 a3 19. b3 e4 20. g5 exf3 21. gxf6
fxe2 22. Qxe2 O-O-O 23. Bd4 Re8 24. Qd2 gxf6 25. Rhf1 Rg8 26. Qa5 c5 27. dxc6
Qxc6 28. Rd3 Qb7 29. Bb6 Re5 30. Rc3+ Rc5 31. Bxc5 dxc5 32. Kb1 Rg2 33. Rd1 Bd6
34. Rxc5+ Bc7 35. Rxc7+ 1-0

[Event "SK Sodingen/Castrop 2 - SV Bottrop 1"]
[Site "Verbandsliga - Gruppe 1 2018/"]
[Date "2018.11.04"]
[Round "3.7"]
[White "Tochtrop, Lothar"]
[Black "Kock, Wolfgang"]
[Result "1/2-1/2"]
[WhiteElo "1840"]
[BlackElo "1970"]
[PlyCount "119"]
[EventDate "2018.??.??"]

1. e4 d5 2. exd5 Qxd5 3. Nc3 Qa5 4. Bc4 Nf6 5. d3 c6 6. Bd2 Qc7 7. h3 Nbd7 8.
Nf3 b5 9. Bb3 Nc5 10. O-O e6 11. Qe2 Be7 12. Rfe1 Nxb3 13. axb3 O-O 14. Ne4 Nd5
15. c4 Nf4 16. Qe3 Ng6 17. cxb5 cxb5 18. Rec1 Qd7 19. d4 Bb7 20. Nc5 Bxc5 21.
dxc5 Bxf3 22. gxf3 e5 23. Bc3 Rfe8 24. Rd1 Qf5 25. Qe4 Qxh3 26. Qg4 Nf4 27.
Qxh3 Nxh3+ 28. Kh2 Ng5 29. Kg3 f6 30. Rd7 Rec8 31. b4 a6 32. Rd6 Nf7 33. Rdxa6
Rxa6 34. Rxa6 Rb8 35. c6 Rc8 36. c7 Kf8 37. Rb6 Rxc7 38. Rxb5 Nd6 39. Rb8+ Ke7
40. b5 Rb7 41. Rxb7+ Nxb7 42. Bb4+ Ke6 43. f4 g6 44. fxe5 Kxe5 45. Be7 Kf5 46.
b6 g5 47. b4 h5 48. Bc5 Ke4 49. f3+ Kf5 50. Be3 Nd8 51. Bc5 h4+ 52. Kg2 Nb7 53.
Be3 Kg6 54. Kh3 Kh5 55. Bc5 f5 56. Be7 g4+ 57. fxg4+ fxg4+ 58. Kg2 h3+ 59. Kg3
Kg6 60. Bc5 1/2-1/2

[Event "SK Sodingen/Castrop 2 - SV Bottrop 1"]
[Site "Verbandsliga - Gruppe 1 2018/"]
[Date "2018.11.04"]
[Round "3.8"]
[White "Zwielich, Frank"]
[Black "Gruber, Herbert"]
[Result "1/2-1/2"]
[WhiteElo "1920"]
[BlackElo "1772"]
[PlyCount "49"]
[EventDate "2018.??.??"]

1. d4 Nf6 2. g3 d5 3. Bg2 e6 4. Nf3 c5 5. b3 Nc6 6. Bb2 Be7 7. O-O O-O 8. Nbd2
cxd4 9. Nxd4 a6 10. c4 Nxd4 11. Bxd4 Bd7 12. Qc2 Bc6 13. Rfd1 Rc8 14. Qb2 Qe8
15. cxd5 exd5 16. Nf1 Qd7 17. Rd2 Qe6 18. Rad1 Rfd8 19. Ne3 Ne4 20. Rc2 Nf6 21.
h4 h5 22. Bf3 Qh3 23. Bg2 Qe6 24. Kh2 Bd7 25. Rxc8 1/2-1/2

[Event "SV Rot-Weiß-Altenessen 1 - SV Erkenschw"]
[Site "Verbandsliga - Gruppe 1 2018/"]
[Date "2018.11.04"]
[Round "3"]
[White "Trzaska, Peter"]
[Black "Praß, Marian"]
[Result "1/2-1/2"]
[WhiteElo "2070"]
[BlackElo "1986"]
[PlyCount "31"]
[EventDate "2018.??.??"]

1. Nf3 g6 2. e4 Bg7 3. d4 d6 4. Nc3 Nf6 5. Be2 O-O 6. O-O a6 7. a4 Nc6 8. h3 e5
9. Be3 exd4 10. Nxd4 Re8 11. Nxc6 bxc6 12. Bd3 Rb8 13. Rb1 Nd7 14. Qd2 c5 15.
Bg5 Bf6 16. Bh6 1/2-1/2

[Event "SV Rot-Weiß-Altenessen 1 - SV Erkenschw"]
[Site "Verbandsliga - Gruppe 1 2018/"]
[Date "2018.11.04"]
[Round "3"]
[White "Kordonowski, Frank"]
[Black "Jungbluth, Rolf"]
[Result "1/2-1/2"]
[WhiteElo "2002"]
[BlackElo "1954"]
[PlyCount "92"]
[EventDate "2018.??.??"]

1. g3 c5 2. Bg2 Nc6 3. Nf3 e5 4. O-O Nf6 5. c4 d6 6. d3 Be7 7. Nc3 Bg4 8. h3
Bh5 9. Bg5 Qd7 10. Bxf6 Bxf6 11. Nd5 Bd8 12. Kh2 f5 13. a3 O-O 14. b4 cxb4 15.
axb4 Ne7 16. Nxe7+ Qxe7 17. Nd2 Kh8 18. Nb3 Bb6 19. Qc2 Rac8 20. e3 Bf7 21. Qd2
a6 22. Rfe1 e4 23. Nd4 Qe5 24. f4 exf3 25. Nxf3 Qf6 26. e4 fxe4 27. dxe4 Rxc4
28. e5 dxe5 29. Nxe5 Rd4 30. Qg5 Bg8 31. Qh5 g6 32. Qh6 Qg7 33. Nxg6+ Qxg6 34.
Qxf8 Rd3 35. Qf4 Qg7 36. Rac1 Rd8 37. Qe5 Bf7 38. Qxg7+ Kxg7 39. Rc2 Rd7 40. h4
Bg6 41. Rce2 Rd3 42. Bxb7 Ra3 43. Rf1 a5 44. Re7+ Kh6 45. b5 Rb3 46. g4 Bd8
1/2-1/2

[Event "SV Rot-Weiß-Altenessen 1 - SV Erkenschw"]
[Site "Verbandsliga - Gruppe 1 2018/"]
[Date "2018.11.04"]
[Round "3"]
[White "Broszeit, Peter"]
[Black "Birdaini, Becir"]
[Result "0-1"]
[WhiteElo "1906"]
[BlackElo "2043"]
[PlyCount "122"]
[EventDate "2018.??.??"]

1. e4 c6 2. d4 d5 3. Nd2 h6 4. Bd3 dxe4 5. Nxe4 Qxd4 6. Nf3 Qd5 7. Qe2 Bg4 8.
Bc4 Bxf3 9. gxf3 Qd8 10. Bf4 e6 11. Rd1 Qa5+ 12. c3 Be7 13. b4 Qf5 14. Bd6 Nd7
15. Rg1 Ngf6 16. Bxe7 Kxe7 17. Nd6 Qe5 18. Rxg7 Rhf8 19. Nxb7 Qxc3+ 20. Kf1 Nd5
21. Rg4 N7f6 22. Rd3 Qxb4 23. Rb3 Qa4 24. Nc5 Qa5 25. Rb7+ Kd6 26. Ne4+ Nxe4
27. fxe4 Nc7 28. Qd1+ Ke7 29. Qb3 Rad8 30. Rh4 Rd7 31. Qg3 Ne8 32. Rxd7+ Kxd7
33. Rxh6 Qc5 34. Qd3+ Nd6 35. Bb3 Qc1+ 36. Bd1 Qxh6 37. e5 Rc8 38. Qxd6+ Ke8
39. Bf3 Qc1+ 40. Kg2 Qg5+ 41. Kf1 Qe7 42. Bxc6+ Kf8 43. Bb5 Rc1+ 44. Kg2 Qxd6
45. exd6 Rd1 46. d7 Rd4 47. a4 Ke7 48. Kg3 e5 49. h4 f5 50. h5 a5 51. h6 Rd6
52. Kh4 Rxh6+ 53. Kg5 Rb6 54. Kxf5 Rxb5 55. axb5 a4 56. b6 Kxd7 57. Kxe5 a3 58.
f4 a2 59. Kf6 a1=Q+ 60. Kg6 Ke7 61. f5 Qb1 0-1

[Event "SV Rot-Weiß-Altenessen 1 - SV Erkenschw"]
[Site "Verbandsliga - Gruppe 1 2018/"]
[Date "2018.11.04"]
[Round "3"]
[White "Cavasin, Jörg"]
[Black "Schulze Bisping, Franz-Adolf"]
[Result "1/2-1/2"]
[WhiteElo "1923"]
[BlackElo "1915"]
[PlyCount "54"]
[EventDate "2018.??.??"]

1. c4 e6 2. Nc3 Nf6 3. Nf3 Bb4 4. g3 b6 5. Bg2 Bb7 6. O-O O-O 7. Qc2 h6 8. d3
Nc6 9. Bd2 d5 10. a3 Be7 11. cxd5 Nxd5 12. Nxd5 exd5 13. b4 Bd6 14. Bc3 Re8 15.
Rfe1 Ne5 16. Qb2 Nxf3+ 17. Bxf3 Bf8 18. Rac1 Qd7 19. Bd4 Rac8 20. b5 c5 21.
bxc6 Bxc6 22. Rc3 Bb7 23. Rec1 Rxc3 24. Rxc3 Rc8 25. Rxc8 Qxc8 26. a4 Qc6 27.
Qb3 Bc5 1/2-1/2

[Event "SV Rot-Weiß-Altenessen 1 - SV Erkenschw"]
[Site "Verbandsliga - Gruppe 1 2018/"]
[Date "2018.11.04"]
[Round "3"]
[White "Broksch, Dirk"]
[Black "Rohloff, Markus"]
[Result "1/2-1/2"]
[WhiteElo "1847"]
[BlackElo "1901"]
[PlyCount "43"]
[EventDate "2018.??.??"]

1. d4 Nf6 2. Nf3 g6 3. Bf4 Bg7 4. h3 O-O 5. e3 d6 6. Be2 Nbd7 7. O-O Ne4 8.
Nbd2 Nxd2 9. Qxd2 e5 10. Bh2 e4 11. Ne1 Nb6 12. c4 f5 13. Nc2 c5 14. Rad1 Be6
15. b3 Re8 16. Qa5 Qc7 17. dxc5 Qxc5 18. Qd2 d5 19. b4 Qc6 20. c5 Nc4 21. Bxc4
dxc4 22. Nd4 1/2-1/2

[Event "SV Rot-Weiß-Altenessen 1 - SV Erkenschw"]
[Site "Verbandsliga - Gruppe 1 2018/"]
[Date "2018.11.04"]
[Round "3"]
[White "Avgustin, Thomas"]
[Black "Strohmann, Marcel"]
[Result "0-1"]
[WhiteElo "1738"]
[BlackElo "1844"]
[PlyCount "68"]
[EventDate "2018.??.??"]

1. e4 Nf6 2. e5 Nd5 3. d4 d6 4. Nf3 dxe5 5. Nxe5 c6 6. Be2 Bf5 7. c3 Nd7 8. g4
Be4 9. f3 Bxb1 10. Rxb1 e6 11. h4 Be7 12. Nxd7 Qxd7 13. c4 Bb4+ 14. Kf2 Ne7 15.
Be3 f5 16. g5 Bd6 17. f4 O-O-O 18. Qa4 Bb8 19. h5 h6 20. g6 Ng8 21. Bf3 Nf6 22.
b4 Ne4+ 23. Bxe4 fxe4 24. b5 Bxf4 25. Bxf4 Qxd4+ 26. Kg3 e5 27. Rb3 exf4+ 28.
Kh3 Qd7+ 29. Kg2 Qd2+ 30. Kh3 Rd3+ 31. Kg4 Qg2+ 32. Kf5 Rf8+ 33. Ke6 Qg4+ 34.
Ke7 Qf5 0-1

[Event "SV Rot-Weiß-Altenessen 1 - SV Erkenschw"]
[Site "Verbandsliga - Gruppe 1 2018/"]
[Date "2018.11.04"]
[Round "3"]
[White "Schicktanz, Florian"]
[Black "Metzner, Carsten"]
[Result "1/2-1/2"]
[WhiteElo "1677"]
[BlackElo "1831"]
[PlyCount "75"]
[EventDate "2018.??.??"]

1. c4 g6 2. g3 Bg7 3. Bg2 c6 4. Nc3 Nf6 5. d4 d5 6. cxd5 cxd5 7. Qb3 e6 8. Nf3
O-O 9. Ne5 Nc6 10. Nxc6 bxc6 11. O-O Qb6 12. Qxb6 axb6 13. a4 c5 14. dxc5 bxc5
15. Bf4 Rd8 16. Bc7 Rd7 17. Be5 Ba6 18. Rfe1 Ne8 19. Bxg7 Kxg7 20. e4 d4 21. e5
Rb8 22. Nb5 Bb7 23. Rac1 Bxg2 24. Kxg2 Rd5 25. Rc4 Rb7 26. b4 Nc7 27. bxc5 Nxb5
28. axb5 Rc7 29. c6 Rxb5 30. Rxd4 Rxc6 31. Rde4 Rc2 32. R1e2 Rbb2 33. Kf3 g5
34. Rxc2 Rxc2 35. h4 Kg6 36. hxg5 Kxg5 37. Rg4+ Kh6 38. Rh4+ 1/2-1/2

[Event "SV Rot-Weiß-Altenessen 1 - SV Erkenschw"]
[Site "Verbandsliga - Gruppe 1 2018/"]
[Date "2018.11.04"]
[Round "3"]
[White "Drawe, Thomas"]
[Black "Block, Frank"]
[Result "1/2-1/2"]
[WhiteElo "1830"]
[BlackElo "1794"]
[PlyCount "42"]
[EventDate "2018.??.??"]

1. c4 e5 2. g3 Nf6 3. Bg2 c6 4. Nc3 d5 5. cxd5 cxd5 6. d3 Nc6 7. Nf3 Be7 8. O-O
O-O 9. a3 a6 10. b4 b5 11. Bb2 Bb7 12. Rc1 Rc8 13. Nh4 Qd7 14. e4 dxe4 15. dxe4
Nd4 16. Nf3 Nxf3+ 17. Bxf3 Qe6 18. Qe2 Rc4 19. Rfd1 Rfc8 20. Nd5 Rxc1 21. Nxf6+
Bxf6 1/2-1/2

[Event "SV Recklinghausen-Süd 1 - Dortmunder SV"]
[Site "Verbandsliga - Gruppe 2 2018/"]
[Date "2018.11.04"]
[Round "3"]
[White "Wichtrup, Jan-Louis"]
[Black "Beckmann, Klaus"]
[Result "1-0"]
[WhiteElo "2400"]
[BlackElo "2400"]
[PlyCount "54"]
[EventDate "2018.??.??"]

1. d4 d6 2. c4 e5 3. Nc3 Nf6 4. Nf3 Nbd7 5. g3 g6 6. Bg2 Bg7 7. O-O O-O 8. Rb1
exd4 9. Nxd4 Re8 10. b4 a6 11. a3 Qe7 12. Qb3 c6 13. Rd1 Ne5 14. h3 Be6 15.
Nxe6 Qxe6 16. c5 d5 17. e4 dxe4 18. Qxe6 Rxe6 19. Nxe4 Nf3+ 20. Bxf3 Nxe4 21.
Bb2 Bxb2 22. Rxb2 Nf6 23. a4 Re5 24. Rd6 Kg7 25. Kg2 a5 26. bxa5 Rxc5 27. Rxb7
Raxa5 1-0

[Event "SV Recklinghausen-Süd 1 - Dortmunder SV"]
[Site "Verbandsliga - Gruppe 2 2018/"]
[Date "2018.11.04"]
[Round "3"]
[White "Callenberg, Ralf"]
[Black "Zeldin, Leonid"]
[Result "0-1"]
[WhiteElo "2400"]
[BlackElo "2400"]
[PlyCount "64"]
[EventDate "2018.??.??"]

1. c4 Nf6 2. g3 c6 3. Nf3 d5 4. b3 e6 5. Bb2 Be7 6. Bg2 O-O 7. d3 b6 8. O-O Bb7
9. Nbd2 c5 10. cxd5 Nxd5 11. Rc1 Nc6 12. Nc4 Rc8 13. Qd2 b5 14. Nce5 Nxe5 15.
Nxe5 Bf6 16. Rfd1 Qe7 17. a4 a6 18. Ra1 Nb4 19. Nf3 Bd5 20. Rdb1 Bxb3 21. axb5
axb5 22. Bxf6 Qxf6 23. d4 Bc4 24. dxc5 Nd5 25. Rc1 Rxc5 26. e4 Ne7 27. e5 Rxe5
28. Nxe5 Qxe5 29. Bf1 Nf5 30. Bxc4 bxc4 31. Ra6 Nd4 32. Kf1 Qd5 0-1

[Event "SV Recklinghausen-Süd 1 - Dortmunder SV"]
[Site "Verbandsliga - Gruppe 2 2018/"]
[Date "2018.11.04"]
[Round "3"]
[White "Mallee, Ralph"]
[Black "Höfker, Mathias"]
[Result "1/2-1/2"]
[WhiteElo "2400"]
[BlackElo "2400"]
[PlyCount "120"]
[EventDate "2018.??.??"]

1. e4 c5 2. c3 e6 3. d4 d5 4. exd5 exd5 5. Bb5+ Nc6 6. Nf3 Bd6 7. O-O Nge7 8.
dxc5 Bxc5 9. Nbd2 O-O 10. Nb3 Bd6 11. Bd3 Ng6 12. Bg5 Qc7 13. Bxg6 hxg6 14.
Qxd5 Be6 15. Qd1 f6 16. Be3 Bc4 17. Re1 Rad8 18. Nbd4 Ne5 19. Nxe5 fxe5 20. Nb5
Qc6 21. Nxd6 Rxd6 22. Qg4 b6 23. Red1 Rfd8 24. Rxd6 Rxd6 25. h4 Bd3 26. Rd1 Bf5
27. Rxd6 Qxd6 28. Qa4 Qd7 29. Qxd7 Bxd7 30. c4 Bf5 31. c5 bxc5 32. Bxc5 a5 33.
Bd6 a4 34. Bxe5 Be6 35. a3 Bb3 36. f3 Kf7 37. Kf2 Kg8 38. Ke3 Kf7 39. Kf4 Kg8
40. Kg5 Kf7 41. Bc3 Bd5 42. Bd4 Bc6 43. Kf4 Bd5 44. b4 axb3 45. a4 Bc4 46. Ke5
Kg8 47. Kd6 Kh7 48. Ke5 Bf1 49. g4 Be2 50. a5 g5 51. h5 g6 52. Kf6 gxh5 53.
Kxg5 Bxf3 54. Kxh5 Kg8 55. a6 Kf7 56. a7 Ke7 57. Kh6 Kd7 58. g5 Kc7 59. g6 Kb7
60. g7 Bd5 1/2-1/2